| 000 | 00755nam a2200205 i 4500 | ||
|---|---|---|---|
| 001 | 163751 | ||
| 003 | ES-MaACL | ||
| 005 | 20230906212814.0 | ||
| 008 | 951113s1890 sp |||| | spa d | ||
| 080 | _a821.134.2-31"18" | ||
| 100 | 1 |
_aRodríguez Carracido, José, _d1856-1928 _998407 |
|
| 245 | 1 | 3 |
_aLa muceta roja / _cJosé R. Carracido. |
| 260 |
_aMadrid : _b[s.n.], _c1890 ( _fImp. de Fortanet) |
||
| 300 |
_a406 p. ; _c20 cm. |
||
| 530 | _aDisponible en formato digital. | ||
| 852 |
_aES-MaACL _jF-8767 _z- Enc. pasta |
||
| 856 |
_uhttp://bdh-rd.bne.es/viewer.vm?id=0000197432&page=1 _zBiblioteca Digital Hispánica |
||
| 856 |
_uhttps://archive.org/details/LaMucetaRoja/page/n3/mode/2up _zInternet Archive |
||
| 999 |
_c163751 _d163751 |
||